US State Capitals Furthest from Geographic Center - Statistics

General Stats
  • This quiz has been taken 14 times
  • The average score is 8 of 10
Answer Stats
Distance Mi US State Distance Km % Correct
743.8 Alaska 1197
92%
219.9 Florida 353,9
92%
146.7 Arizona 236,1
83%
123.6 California 198,9
83%
129.3 Texas 208,1
83%
124.1 Washington 199,7
83%
169.6 Michigan 272,9
75%
197.4 Wyoming 317,7
75%
177.9 Nebraska 286,3
67%
172.6 Kansas 277,8
58%
No matching quizzes found
Score Distribution
Percent of People with Each Score
Percentile by Number Answered
Your Score History
You have not taken this quiz